| 000 | 01079nam a2200301Ia 4500 | ||
|---|---|---|---|
| 001 | 6957 | ||
| 003 | IT-RoPAU | ||
| 008 | 130308s9999 xx 000 0 und d | ||
| 040 | _aIT-RoPAU | ||
| 040 | _cIT-RoPAU | ||
| 041 | _aITALIANO | ||
| 100 | _aCiani Plinio | ||
| 100 | _gCodice Aut. SPICS: 8039 | ||
| 245 | _aGraffiti del ventennio | ||
| 245 | _bGraffiti del Ventennio | ||
| 250 | _a1a ed. | ||
| 260 | _aMILANO | ||
| 260 | _bSugarco | ||
| 260 | _c1975 [1° Ed.:1975 - Ed.Ling.Originale:1975] | ||
| 300 | _a"200 p. (prefazione: no ; testo: 200)" | ||
| 500 | _aCurioso comico Aneddotico nell'architettura e Arte Mussoliniane Mistica fascista Purissima Lingua Mito delle Bonifiche dell'aria e Dello sport Viaggio Attraverso L'Italia dei graffiti Architettura e urbanistica del Ventennioviaggio Nei luoghi che Ospitano monumenti Ricordi immagini ed Emozioni di Quel Tempo nostalgia del Tempo che Passa | ||
| 650 | _aSTORIA NAZIONALE DELL'ARCHITETTURA | ||
| 650 | _eCodice materia Spics: 5309 | ||
| 942 | _cBK | ||
| 957 | _71 | ||
| 999 |
_c69109 _d69109 |
||
| 999 | _bSI | ||
| 999 | _g1 | ||